Statistics for Name the brand logos #3

Click here to take the quiz!

General Stats

  • This quiz has been taken 76 times
  • The average score is 13 of 15

Answer Stats

Answer% Correct
Amazon
97%
Apple
97%
Facebook
97%
KFC
97%
Pepsi
95%
Twitter
95%
Visa
92%
YouTube
92%
Target
89%
JetPunk
87%
Microsoft
86%
Gmail
84%
Wendy's
83%
Safari
73%
Reddit
67%

Score Distribution

Percentile by Number Answered

Percent of People with Each Score

Your Score History

You have not taken this quiz